[Event "Tournoi Skype 015B"]
[Site "Skype"]
[Date "????.??.??"]
[Round "5.11"]
[White "Porcabeuf, Jean-Marc"]
[Black "Ruiz Gomez, Luz Alba"]
[Result "0-1"]
[WhiteElo "1438"]
[BlackElo "1221"]
[PlyCount "106"]

1. d4 d5 2. c4 Nf6 3. Nc3 e6 4. a3 Nbd7 5. Nf3 Be7 6. Bf4 O-O 7. e3 Bd6 8. Bd3
Bxf4 9. exf4 b6 10. cxd5 exd5 11. h3 Re8+ 12. Ne2 c5 13. O-O Bb7 14. Ng3 Qc7
15. Qd2 h6 16. b3 Nf8 17. Rac1 Ne6 18. Nf5 Qxf4 19. Qxf4 Nxf4 20. Bb1 Ne2+ 21.
Kh1 Nxc1 22. Rxc1 Ne4 23. Ne5 Nxf2+ 24. Kg1 Ne4 25. Nd6 Nxd6 26. Rf1 cxd4 27.
Ng4 Ne4 28. Rf3 Rac8 29. Kh2 Nd2 30. Nf6+ gxf6 31. Rg3+ Kf8 32. Bh7 Ke7 33. Rg4
Rc3 34. Rxd4 Nf1+ 35. Kg1 Rh8 36. Bf5 Ba6 37. Rxd5 Rg8 38. Rd7+ Kf8 39. Bh7 Ke8
40. Rxa7 Kf8 41. Rxa6 Rgg3 42. Ra8+ Ke7 43. Kxf1 Rc1+ 44. Kf2 Rg5 45. g4 Rh1
46. Kg2 Ra1 47. Ra7+ Kd8 48. Kg3 Rc5 49. b4 Rc3+ 50. Kh4 Rh1 51. g5 Rcxh3+ 52.
Kg4 Rh4+ 53. Kf5 Rf1# 0-1

[Event "Tournoi Skype 015B"]
[Site "Skype"]
[Date "????.??.??"]
[Round "5.12"]
[White "Vincent, Andre"]
[Black "Hague, Mark"]
[Result "0-1"]
[WhiteElo "1386"]
[BlackElo "1418"]
[PlyCount "68"]

1. d4 d5 2. c4 c6 3. Nc3 Nf6 4. Nf3 Bf5 5. Bf4 h6 6. e3 e6 7. Be2 Bb4 8. O-O
O-O 9. Rc1 dxc4 10. Bxc4 Nbd7 11. a3 Bxc3 12. Rxc3 Nd5 13. Bxd5 exd5 14. Re1
Re8 15. Ne5 Nxe5 16. Bxe5 Qg5 17. Bg3 Be4 18. f3 Bf5 19. f4 Qg6 20. Qd2 Be4 21.
Qf2 Re6 22. b4 a6 23. Rf1 f5 24. Bh4 Qh5 25. h3 Kf7 26. a4 Rg8 27. g3 g5 28.
fxg5 hxg5 29. g4 Qxh4 30. Qxh4 gxh4 31. Kh2 Ke7 32. gxf5 Rf6 33. a5 Rg2+ 34.
Kh1 Rc2+ 0-1

[Event "Tournoi Skype 015B"]
[Site "Skype"]
[Date "????.??.??"]
[Round "5.13"]
[White "Guillen Andrinal, Pablo"]
[Black "Bustos, Ricardo"]
[Result "0-1"]
[WhiteElo "1399"]
[BlackElo "1120"]
[PlyCount "38"]

1. Nc3 Nf6 2. e4 d6 3. Nf3 c5 4. d4 cxd4 5. Nxd4 a6 6. f4 e6 7. e5 dxe5 8. fxe5
Nd5 9. Nxd5 exd5 10. c4 Bb4+ 11. Bd2 Bc5 12. Bc3 dxc4 13. Bxc4 b5 14. b4 Bxd4
15. Bxf7+ Kxf7 16. Qf3+ Ke7 17. Qxa8 Bxc3+ 18. Kf2 Qb6+ 19. Kf3 Bb7+ 0-1

[Event "Tournoi Skype 015B"]
[Site "Skype"]
[Date "????.??.??"]
[Round "5.14"]
[White "Talbot, Jacques"]
[Black "Gerbaux, Regis"]
[Result "0-1"]
[WhiteElo "1500"]
[BlackElo "1364"]
[PlyCount "66"]

1. e4 c5 2. Nf3 d6 3. d4 cxd4 4. Nxd4 e5 5. Nf3 Nf6 6. Nc3 a6 7. Bc4 Nc6 8. h3
h6 9. Be3 Be7 10. Qd2 b5 11. Bb3 Bb7 12. Bd5 Qd7 13. O-O-O Rc8 14. Nh2 Nb4 15.
Bxb7 Qxb7 16. f3 d5 17. exd5 Rd8 18. a3 Nbxd5 19. Nxd5 Rxd5 20. Qe2 O-O 21. Ng4
Nh5 22. Rxd5 Qxd5 23. Rd1 Qa2 24. Nxe5 Qa1+ 25. Kd2 Rd8+ 26. Ke1 Bh4+ 27. Bf2
Bxf2+ 28. Kxf2 Rxd1 29. g4 Nf4 30. Qe4 Nxh3+ 31. Kg2 Rg1+ 32. Kxh3 Qf1+ 33. Kh4
Qf2+ 0-1

[Event "Tournoi Skype 015B"]
[Site "Skype"]
[Date "????.??.??"]
[Round "5.15"]
[White "Le Brun, Yves"]
[Black "Capdeville, Jean"]
[Result "1-0"]
[WhiteElo "1437"]
[BlackElo "1330"]
[PlyCount "45"]

1. Nf3 d6 2. g3 e5 3. Bg2 Bg4 4. h3 Bf5 5. Nh4 Bc8 6. Nc3 Nf6 7. d3 h6 8. O-O
a6 9. f4 Be7 10. e4 Nbd7 11. Nf5 O-O 12. Nxe7+ Qxe7 13. f5 c6 14. g4 Qd8 15.
Kh2 b5 16. Qe1 Bb7 17. g5 hxg5 18. Bxg5 a5 19. Qg3 b4 20. Ne2 c5 21. Bf3 a4 22.
Bh6 g6 23. fxg6 1-0

[Event "Tournoi Skype 015B"]
[Site "Skype"]
[Date "????.??.??"]
[Round "5.16"]
[White "Karia, Kirti"]
[Black "Raheja, Shiv"]
[Result "0-1"]
[WhiteElo "1311"]
[BlackElo "1419"]
[PlyCount "70"]

1. e4 e5 2. Nf3 Nc6 3. d4 Nf6 4. Nc3 exd4 5. Nxd4 Bc5 6. Nxc6 bxc6 7. Bc4 d6 8.
O-O Ng4 9. h3 Ne5 10. Bb3 Qf6 11. Kh1 Ba6 12. Re1 Qxf2 13. Na4 Bb4 14. c3 Ba5
15. Be3 Qg3 16. Qd2 Nd3 17. Rf1 Ne5 18. Bf4 Qg6 19. Rfe1 O-O 20. Bxe5 dxe5 21.
Nc5 Rad8 22. Qf2 Bb6 23. a4 Qd6 24. Rad1 Qe7 25. Rxd8 Rxd8 26. Bxf7+ Kh8 27.
Qf5 Bxc5 28. b4 Bd6 29. Qh5 Qf6 30. Re3 Rd7 31. Rf3 Be2 32. Rxf6 Bxh5 33. Be8
Bxe8 34. Rf3 Bg6 35. g3 Bxe4 0-1

[Event "Tournoi Skype 015B"]
[Site "Skype"]
[Date "????.??.??"]
[Round "5.19"]
[White "Douichi, Mohammed"]
[Black "Sauvaget, Joel"]
[Result "0-1"]
[WhiteElo "1240"]
[BlackElo "1396"]
[PlyCount "56"]

1. e4 e5 2. c4 d6 3. Nf3 Nf6 4. d3 Be7 5. Be2 Nc6 6. O-O O-O 7. Be3 h6 8. a3
Bd7 9. Nc3 Nh7 10. h3 f5 11. Nd5 f4 12. Bd2 Rc8 13. Nh4 Bxh4 14. Bh5 Qg5 15.
Qf3 Nd4 16. Qd1 Bxh3 17. Bf3 Nxf3+ 18. Qxf3 Bg4 19. Ne7+ Kh8 20. Ng6+ Qxg6 21.
Qd1 Bxd1 22. Rfxd1 Ng5 23. Bc3 Nh3+ 24. Kh2 Nxf2 25. Rd2 Qg3+ 26. Kg1 f3 27.
Rxf2 Qxf2+ 28. Kh2 Qxg2# 0-1

[Event "Tournoi Skype 015B"]
[Site "Skype"]
[Date "????.??.??"]
[Round "5.20"]
[White "Dubois, Real"]
[Black "Lemoine, Gerard"]
[Result "1-0"]
[WhiteElo "1373"]
[BlackElo "1170"]
[PlyCount "101"]

1. d4 d5 2. e3 c6 3. Bd3 Nf6 4. Nf3 Bg4 5. Nbd2 e6 6. c3 Be7 7. Qb3 Qc7 8. O-O
Bxf3 9. Nxf3 Nbd7 10. Qc2 O-O 11. Re1 Rfe8 12. Ng5 Nf8 13. e4 h6 14. Nh3 Ng4
15. e5 Bh4 16. Be3 Nxe3 17. Rxe3 g6 18. Rf3 Kg7 19. g3 Bd8 20. Nf4 Bg5 21. Ng2
h5 22. h4 Bh6 23. Re1 f5 24. exf6+ Kf7 25. Re5 b5 26. a3 a6 27. Nf4 Bxf4 28.
Rxf4 c5 29. Re3 e5 30. dxe5 Rxe5 31. Qe2 Rxe3 32. Qxe3 Re8 33. Qf3 Ne6 34. Qxd5
Qd8 35. Qb7+ Nc7 36. Rf3 Re1+ 37. Kg2 c4 38. Be4 Rd1 39. Qb6 Rd6 40. Qb7 Rxf6
41. Rxf6+ Kxf6 42. Qc6+ Ne6 43. Qxa6 Qe8 44. Bc6 Qb8 45. Bxb5 Kf5 46. a4 Nc5
47. Qc6 Qe5 48. Qf3+ Ke6 49. Bxc4+ Kd6 50. Qf8+ Qe7 51. Qb8+ 1-0

[Event "Tournoi Skype 015B"]
[Site "Skype"]
[Date "????.??.??"]
[Round "5.21"]
[White "Bilsel, Sebahittin"]
[Black "Hargez, Dany"]
[Result "0-1"]
[WhiteElo "1236"]
[BlackElo "1369"]
[PlyCount "36"]

1. e4 e5 2. Nf3 Nc6 3. Nc3 Bb4 4. d3 Bxc3+ 5. bxc3 Nf6 6. Bg5 h6 7. Bxf6 Qxf6
8. d4 Ne7 9. Bc4 d6 10. Qd3 Ng6 11. g3 Bg4 12. Nd2 h5 13. f3 Bh3 14. O-O-O h4
15. Nb3 Bg2 16. dxe5 Nxe5 17. Qd5 Bxh1 18. Qxb7 O-O 0-1

[Event "Tournoi Skype 015B"]
[Site "Skype"]
[Date "????.??.??"]
[Round "5.23"]
[White "Mantelli, Luca"]
[Black "Farfallini, Michel"]
[Result "1-0"]
[WhiteElo "1287"]
[BlackElo "1320"]
[PlyCount "21"]

1. e4 e5 2. Nf3 Nc6 3. Bc4 Bc5 4. c3 Nf6 5. d3 O-O 6. b4 d5 7. exd5 Nxd5 8.
bxc5 Bg4 9. h3 Bh5 10. O-O Qe7 11. Bxd5 1-0

[Event "Tournoi Skype 015B"]
[Site "Skype"]
[Date "????.??.??"]
[Round "5.24"]
[White "Khatanhar, Mohit"]
[Black "Kruk, Clementine"]
[Result "1-0"]
[WhiteElo "1304"]
[BlackElo "1035"]
[PlyCount "57"]

1. e4 e5 2. Nf3 Nc6 3. Bc4 Bc5 4. d3 h6 5. h3 Nf6 6. Nc3 d6 7. Nd5 Nxd5 8. Bxd5
Nd4 9. c3 Nxf3+ 10. Qxf3 Qf6 11. Qg3 Be6 12. Bxe6 fxe6 13. Be3 Bxe3 14. Qxe3
Rf8 15. Rf1 O-O-O 16. Qxa7 b6 17. O-O-O Qg5+ 18. Kb1 Qxg2 19. f3 Rxf3 20. Rxf3
Qxf3 21. Rc1 Qxd3+ 22. Ka1 Kd7 23. Qa4+ c6 24. a3 Rf8 25. Rg1 Rf2 26. Rxg7+ Rf7
27. Qa7+ Kc8 28. Qa8+ Kc7 29. Rxf7# 1-0

[Event "Tournoi Skype 015B"]
[Site "Skype"]
[Date "????.??.??"]
[Round "5.25"]
[White "Tamditi, Ibrahim"]
[Black "Martin, Elise"]
[Result "1-0"]
[WhiteElo "1430"]
[BlackElo "1130"]
[PlyCount "33"]

1. e4 e5 2. Nf3 Nc6 3. Bc4 Nf6 4. Ng5 Be7 5. Nxf7 Rf8 6. Nxd8 Bxd8 7. Nc3 Na5
8. d3 d6 9. Bg5 Nxc4 10. dxc4 Be6 11. Bxf6 Bxf6 12. Nb5 O-O-O 13. b3 Kb8 14.
Qd2 d5 15. Qa5 Bd7 16. Qxa7+ Kc8 17. Qa8# 1-0

[Event "Tournoi Skype 015B"]
[Site "Skype"]
[Date "????.??.??"]
[Round "5.29"]
[White "Baker, Abi"]
[Black "Armingaud, Jean-Claude"]
[Result "1-0"]
[WhiteElo "1072"]
[BlackElo "1198"]
[PlyCount "53"]

1. c4 c5 2. Nc3 e5 3. d3 Nf6 4. g3 Nc6 5. Bg2 Be7 6. e3 Ng4 7. Qxg4 d5 8. Qxg7
Rf8 9. Qxh7 dxc4 10. dxc4 a6 11. a3 Be6 12. b3 Rb8 13. Bb2 Na5 14. Nd5 Bxd5 15.
cxd5 Nxb3 16. Rd1 c4 17. Bxe5 Qa5+ 18. Ke2 Rd8 19. f4 Qxa3 20. Kf3 c3 21. Bxc3
Na1 22. Bxa1 Qb3 23. Rd4 Rxd5 24. Rxd5 Qxd5+ 25. e4 Qd1+ 26. Ne2 Qxa1 27. Rxa1
1-0

[Event "Tournoi Skype 015B"]
[Site "Skype"]
[Date "????.??.??"]
[Round "5.30"]
[White "Alverson, Ginny"]
[Black "Talbot, Jean"]
[Result "1-0"]
[WhiteElo "1193"]
[BlackElo "1041"]
[PlyCount "23"]

1. Nf3 Nf6 2. d4 d5 3. c3 e6 4. Nbd2 Bd6 5. e4 dxe4 6. Ng5 O-O 7. Ngxe4 Nxe4 8.
Nxe4 f5 9. Ng5 h6 10. Qh5 Be7 11. Qg6 Rf6 12. Qh7+ 1-0

[Event "Tournoi Skype 015B"]
[Site "Skype"]
[Date "????.??.??"]
[Round "5.31"]
[White "Paquay, Renaud"]
[Black "Farthouat, Catherine"]
[Result "1-0"]
[WhiteElo "1187"]
[BlackElo "1039"]
[PlyCount "93"]

1. d4 Nf6 2. Nc3 g6 3. e4 Bg7 4. e5 Ng4 5. Qxg4 f5 6. Qd1 e6 7. Nf3 O-O 8. Bg5
Qe8 9. d5 a6 10. d6 cxd6 11. Qxd6 Nc6 12. O-O-O h6 13. Bf6 Bxf6 14. exf6 Rxf6
15. Na4 Qd8 16. Nd4 f4 17. Nxc6 bxc6 18. Nc5 Qe8 19. Bc4 a5 20. Rhe1 a4 21. Ne4
Rf7 22. Qc7 d5 23. Nd6 Qe7 24. Qxe7 Rxe7 25. Nxc8 Rxc8 26. Bd3 Kg7 27. Re5 c5
28. Rde1 Kf6 29. g4 g5 30. Bf5 Rce8 31. Bd3 c4 32. Bf1 f3 33. b3 axb3 34. axb3
c3 35. b4 d4 36. b5 Rd8 37. b6 Rdd7 38. Ra5 e5 39. Ba6 e4 40. b7 Rd8 41. Rf5+
Kg6 42. Rb5 Rb8 43. Kb1 e3 44. fxe3 dxe3 45. Rb6+ Kf7 46. Bc4+ Kg7 47. Rg6+ 1-0

[Event "Tournoi Skype 015B"]
[Site "Skype"]
[Date "????.??.??"]
[Round "5.32"]
[White "Gagnon, Sindy"]
[Black "Moumtaz, Abderrahim"]
[Result "0-1"]
[WhiteElo "1049"]
[BlackElo "1399"]
[PlyCount "86"]

1. e4 e5 2. Nc3 Nf6 3. Nf3 Nc6 4. d3 d5 5. exd5 Nxd5 6. Nxd5 Qxd5 7. c4 Qd8 8.
Be2 Bc5 9. O-O O-O 10. d4 Bb6 11. Bg5 Ne7 12. Nxe5 Bxd4 13. Nf3 Re8 14. Bd3 h6
15. Bc2 hxg5 16. Nxd4 c5 17. Qd3 cxd4 18. Rfe1 Ng6 19. Rxe8+ Qxe8 20. Qxd4 Be6
21. Re1 Rd8 22. Qxa7 Qd7 23. Qe3 g4 24. Qg5 Kf8 25. b4 Bxc4 26. Re4 b5 27. a4
Bd5 28. Re3 Be6 29. axb5 Rb8 30. Bd3 Rc8 31. Qh5 Rc1+ 32. Bf1 Qd1 33. h3 Qxf1+
34. Kh2 Qg1+ 35. Kg3 gxh3 36. Kf3 h2 37. Ke2 h1=Q 38. Rh3 Qe1+ 39. Kd3 Qhf1+
40. Kd4 Rd1+ 41. Kc5 Qc4+ 42. Kb6 Rd6+ 43. Ka5 Qexb4# 0-1

[Event "Tournoi Skype 015B"]
[Site "Skype"]
[Date "????.??.??"]
[Round "6.1"]
[White "Vello, Pablo"]
[Black "Rugman, Dan"]
[Result "0-1"]
[WhiteElo "1324"]
[BlackElo "1320"]
[PlyCount "68"]

1. d4 Nf6 2. c4 e6 3. a3 d5 4. e3 Bd6 5. Nc3 O-O 6. cxd5 exd5 7. Bd3 a5 8. Nf3
Re8 9. O-O c6 10. Re1 Qc7 11. h3 Ne4 12. Qc2 Qe7 13. Nd2 Bf5 14. Ndxe4 dxe4 15.
Be2 Nd7 16. g4 Bg6 17. Kg2 f5 18. Qb3+ Bf7 19. Qxb7 Rec8 20. gxf5 Qe8 21. Bg4
Rc7 22. Qxa8 Qxa8 23. Nxe4 c5 24. Bf3 Bd5 25. Nxd6 Bxf3+ 26. Kh2 Qa6 27. Ne8
Rc8 28. Nxg7 Qd6+ 29. Kg1 Kxg7 30. dxc5 Qf6 31. e4 Kf7 32. Re3 Rg8+ 33. Kf1 Qd4
34. Rxf3 Qd1# 0-1

[Event "Tournoi Skype 015B"]
[Site "Skype"]
[Date "????.??.??"]
[Round "6.2"]
[White "Aceituno, Stebe"]
[Black "Rajpurohit, Dinesh"]
[Result "1-0"]
[WhiteElo "1399"]
[BlackElo "1574"]
[PlyCount "71"]

1. e4 c5 2. Nf3 Nc6 3. d4 cxd4 4. Nxd4 Nf6 5. Nc3 e5 6. Nf5 g6 7. Ng3 Bb4 8.
Bc4 Bxc3+ 9. bxc3 Qc7 10. Qf3 Qd6 11. O-O O-O 12. Bg5 Kg7 13. Rad1 Qe7 14. Ne2
d6 15. Qg3 h6 16. Be3 Nxe4 17. Qf3 Nf6 18. Qg3 Nh5 19. Qf3 e4 20. Bxh6+ Kxh6
21. Qe3+ Kg7 22. Ng3 Nf6 23. Rfe1 Re8 24. Qf4 Ne5 25. Bd5 Bg4 26. Rd4 Bf3 27.
Bxe4 Bxe4 28. Nxe4 Nxe4 29. Rdxe4 Qc7 30. Qd2 Rac8 31. f4 Nc4 32. Qd4+ Ne5 33.
fxe5 dxe5 34. Rxe5 Kf8 35. Rxe8+ Rxe8 36. Qh8# 1-0

[Event "Tournoi Skype 015B"]
[Site "Skype"]
[Date "????.??.??"]
[Round "6.3"]
[White "Rochette, Mathieu"]
[Black "Hernandez, George"]
[Result "1-0"]
[WhiteElo "1399"]
[BlackElo "1466"]
[PlyCount "51"]

1. d4 Nf6 2. c4 e6 3. Nf3 d5 4. Bg5 Bb4+ 5. Nc3 O-O 6. e3 Nc6 7. Bd3 h6 8. Bh4
Re8 9. Qc2 Qd7 10. O-O e5 11. cxd5 Nxd5 12. Nxd5 Qxd5 13. Bh7+ Kf8 14. Be4 Qe6
15. d5 Qe7 16. dxc6 b5 17. Rfd1 Qc5 18. Qe2 Be6 19. b3 Qb6 20. Nxe5 Be7 21.
Bxe7+ Rxe7 22. Rd4 Ke8 23. Rad1 Qc5 24. Qd2 f5 25. Rd8+ Rxd8 26. Qxd8# 1-0

[Event "Tournoi Skype 015B"]
[Site "Skype"]
[Date "????.??.??"]
[Round "6.4"]
[White "Coruble, Didier"]
[Black "De Coninck, Philippe"]
[Result "1-0"]
[WhiteElo "1288"]
[BlackElo "1462"]
[PlyCount "65"]

1. b3 Nc6 2. Bb2 e5 3. d3 Nf6 4. h3 Bc5 5. e3 O-O 6. Nf3 d5 7. c4 e4 8. d4 Bb4+
9. Nfd2 Be6 10. c5 b6 11. a3 Bxd2+ 12. Nxd2 bxc5 13. Rc1 Qd7 14. Bb5 a6 15. Ba4
Rab8 16. Rxc5 Rb6 17. b4 Qd6 18. Qc1 Bd7 19. Bd1 Rfb8 20. Ba4 Ne8 21. O-O Nxb4
22. Bxd7 Nd3 23. Rc6 Rxc6 24. Qxc6 Qxc6 25. Bxc6 Rxb2 26. Bxe8 Rxd2 27. Rb1
Rxf2 28. Bc6 g6 29. Bxd5 Re2 30. Rf1 Re1 31. Rxe1 Nxe1 32. Bxe4 Nc2 33. Bxc2
1-0

[Event "Tournoi Skype 015B"]
[Site "Skype"]
[Date "????.??.??"]
[Round "6.5"]
[White "Gharbi, Said"]
[Black "Duthoit, Bernard"]
[Result "1/2-1/2"]
[WhiteElo "1365"]
[BlackElo "1447"]
[PlyCount "116"]

1. e4 e6 2. d4 d5 3. exd5 exd5 4. Nf3 Nf6 5. Be2 g6 6. O-O Bg7 7. c4 O-O 8.
cxd5 Qxd5 9. Bf4 c6 10. Nc3 Qd8 11. Rc1 Re8 12. Re1 Nbd7 13. Ne5 Nxe5 14. Bxe5
Nd7 15. Bxg7 Kxg7 16. d5 Ne5 17. Qd4 Qf6 18. Qd2 Bf5 19. dxc6 Nxc6 20. Bb5 Red8
21. Qe2 Nd4 22. Qe5 Qxe5 23. Rxe5 a6 24. Bc4 b5 25. Bd5 Rac8 26. a3 Kf6 27.
Rce1 Nc2 28. R1e2 Nxa3 29. Bb7 Rc7 30. Bxa6 Bd3 31. Re1 Nc2 32. Re8 Rxe8 33.
Rxe8 Kg7 34. Bxb5 Bxb5 35. Nxb5 Rb7 36. Re5 Rd7 37. Kf1 Rd2 38. b3 Na1 39. b4
Nc2 40. Re4 Rd1+ 41. Ke2 Re1+ 42. Kf3 Rxe4 43. Kxe4 Nxb4 44. f4 Nc6 45. g4 Ne7
46. g5 f5+ 47. Ke5 h6 48. h4 hxg5 49. hxg5 Nc6+ 50. Ke6 Nd8+ 51. Ke5 Kf7 52.
Nd6+ Ke7 53. Nxf5+ gxf5 54. Kxf5 Kf7 55. g6+ Kg7 56. Kg5 Ne6+ 57. Kf5 Nxf4 58.
Kxf4 Kxg6 1/2-1/2

[Event "Tournoi Skype 015B"]
[Site "Skype"]
[Date "????.??.??"]
[Round "6.6"]
[White "Hague, Mark"]
[Black "Sepulveda, Lyda Marcela"]
[Result "1-0"]
[WhiteElo "1418"]
[BlackElo "1183"]
[PlyCount "65"]

1. d4 d5 2. c4 e6 3. Nc3 Nf6 4. cxd5 exd5 5. Bg5 Nbd7 6. Nxd5 c6 7. Nxf6+ Nxf6
8. Nf3 Qa5+ 9. Bd2 Qb6 10. Qc2 Be7 11. e3 O-O 12. Bd3 Be6 13. O-O h6 14. Ne5
Rac8 15. Bc3 c5 16. Qd2 Qc7 17. Rfc1 Qb8 18. a3 Rc7 19. Rc2 Rfc8 20. Rac1 Bb3
21. Ba5 b6 22. Rxc5 Bxc5 23. dxc5 Rxc5 24. Rxc5 Rxc5 25. Bc3 Qd8 26. f4 Be6 27.
h3 Ne4 28. Bxe4 Qh4 29. Qf2 Qd8 30. Qd2 Bd5 31. Bxd5 Rxd5 32. Bd4 f6 33. Nd3
1-0

[Event "Tournoi Skype 015B"]
[Site "Skype"]
[Date "????.??.??"]
[Round "6.7"]
[White "Briere, Jean"]
[Black "Ruiz Gomez, Luz Alba"]
[Result "1/2-1/2"]
[WhiteElo "1455"]
[BlackElo "1221"]
[PlyCount "87"]

1. e4 e5 2. Nf3 Nc6 3. Bc4 Nf6 4. Nc3 Bc5 5. d3 O-O 6. O-O h6 7. Be3 d6 8. Bxc5
dxc5 9. h3 a6 10. a4 Bd7 11. Nd5 Re8 12. Qd2 Nxd5 13. Bxd5 Rb8 14. c3 Na5 15.
Ba2 Bxa4 16. Bxf7+ Kxf7 17. Rxa4 Nc6 18. c4 Kg8 19. Qe3 Nd4 20. Nxd4 cxd4 21.
Qd2 Re6 22. Ra5 Qe7 23. b4 Ra8 24. b5 Rg6 25. Raa1 Qh4 26. Kh2 Qg5 27. Qxg5
hxg5 28. g4 Rf6 29. Kg3 Re6 30. f3 g6 31. Rh1 b6 32. Rxa6 Rxa6 33. bxa6 Re8 34.
a7 Ra8 35. Ra1 c6 36. Kf2 Kf8 37. Ke2 Ke8 38. Kd2 Kd8 39. Kc2 Kc7 40. Kb3 Kb7
41. Kb4 Rxa7 42. Rxa7+ Kxa7 43. c5 b5 44. Ka5 1/2-1/2

[Event "Tournoi Skype 015B"]
[Site "Skype"]
[Date "????.??.??"]
[Round "6.8"]
[White "Bustos, Ricardo"]
[Black "Le Brun, Yves"]
[Result "0-1"]
[WhiteElo "1120"]
[BlackElo "1437"]
[PlyCount "48"]

1. d4 Nf6 2. c4 e6 3. Nc3 d5 4. Nf3 c6 5. Bg5 Be7 6. e3 Nbd7 7. cxd5 Nxd5 8.
Bxe7 Nxe7 9. Be2 O-O 10. O-O Re8 11. a3 Ng6 12. b4 b6 13. b5 Bb7 14. a4 c5 15.
Qc2 Rc8 16. Qb3 Nh4 17. Nxh4 Qxh4 18. g3 Qf6 19. dxc5 Rxc5 20. Rac1 Rec8 21.
Na2 Bd5 22. Bc4 Rxc4 23. Rxc4 Rxc4 24. Qd3 Qf3 0-1

[Event "Tournoi Skype 015B"]
[Site "Skype"]
[Date "????.??.??"]
[Round "6.9"]
[White "Hargez, Dany"]
[Black "Ramirez Reina, Orlando"]
[Result "0-1"]
[WhiteElo "1369"]
[BlackElo "1436"]
[PlyCount "84"]

1. e4 c5 2. Nf3 Nc6 3. Nc3 a6 4. Bc4 e6 5. e5 b5 6. Be2 Bb7 7. O-O d6 8. d4
cxd4 9. Ne4 dxe5 10. c3 Be7 11. Bg5 h6 12. Bh4 Bxh4 13. Nc5 Rb8 14. Re1 Be7 15.
Nb3 dxc3 16. bxc3 e4 17. Nfd4 Nxd4 18. cxd4 Nf6 19. Qc2 Rc8 20. Qb2 O-O 21. h3
Qb6 22. Rac1 Rfd8 23. Red1 Bd5 24. Nc5 Bxc5 25. dxc5 Rxc5 26. Qd4 Rdc8 27. Rc3
Qc6 28. Rg3 Kh7 29. Kh2 Rc1 30. Rd2 Rc2 31. Bg4 Rxd2 32. Qxd2 Qc2 33. Qf4 Qxa2
34. Bf5+ Kg8 35. Qxh6 Ne8 36. Bh7+ Kf8 37. Qf4 Nf6 38. Qd6+ Ke8 39. Rxg7 Qxf2
40. Bg8 e5 41. Qxe5+ Kf8 42. Qd6+ Kxg7 0-1

[Event "Tournoi Skype 015B"]
[Site "Skype"]
[Date "????.??.??"]
[Round "6.10"]
[White "Farthouat, Titoine"]
[Black "Yeter, Orhan"]
[Result "0-1"]
[WhiteElo "1357"]
[BlackElo "1431"]
[PlyCount "70"]

1. e4 c5 2. Nf3 Nc6 3. Bb5 g6 4. d4 cxd4 5. Nxd4 Bg7 6. Nxc6 bxc6 7. Bc4 e6 8.
O-O Ne7 9. Nc3 O-O 10. Re1 Bb7 11. Bg5 Re8 12. Qf3 d5 13. exd5 cxd5 14. Bb5 Rf8
15. Qe3 d4 16. Qd3 dxc3 17. Qxd8 Rfxd8 18. Bxe7 cxb2 19. Rab1 Rd2 20. Bd3 Bc3
21. Bg5 Rxd3 22. cxd3 Bxe1 23. Rxe1 Bd5 24. a3 Ba2 25. f4 b1=Q 26. Rxb1 Bxb1
27. d4 Rc8 28. g4 a5 29. h4 a4 30. h5 gxh5 31. gxh5 Rc3 32. Be7 Rh3 33. f5 Rxh5
34. d5 exd5 35. f6 Rf5 0-1

[Event "Tournoi Skype 015B"]
[Site "Skype"]
[Date "????.??.??"]
[Round "6.11"]
[White "Raheja, Shiv"]
[Black "Dubois, Real"]
[Result "0-1"]
[WhiteElo "1419"]
[BlackElo "1373"]
[PlyCount "78"]

1. e4 e5 2. Bc4 d6 3. Nc3 Nf6 4. Nf3 Be7 5. Ng5 O-O 6. d3 Nbd7 7. Bd2 c6 8. Nf3
b5 9. Bb3 a5 10. a3 a4 11. Ba2 Nc5 12. Ne2 Bg4 13. Ng3 Qc7 14. h3 Be6 15. O-O
Bxa2 16. Rxa2 Rad8 17. Nf5 d5 18. Nxe7+ Qxe7 19. Re1 dxe4 20. dxe4 Ncxe4 21.
Qe2 Nxd2 22. Nxd2 Qd6 23. Ne4 Nxe4 24. Qxe4 Qd5 25. Raa1 f6 26. Qe3 Qd2 27. Qc5
Qd6 28. Qc3 Rd7 29. Qf3 Rfd8 30. Rad1 Qc7 31. Rxd7 Rxd7 32. Qh5 Qc8 33. Qf5 Qd8
34. Qf3 Rd6 35. g4 h6 36. Qe2 Qd7 37. Kf1 Rd2 38. Qe4 Qd5 39. Qg6 Qh1# 0-1

[Event "Tournoi Skype 015B"]
[Site "Skype"]
[Date "????.??.??"]
[Round "6.12"]
[White "Rivas, Jonathan"]
[Black "Martin, Jean-Claude"]
[Result "1/2-1/2"]
[WhiteElo "1399"]
[BlackElo "1340"]
[PlyCount "60"]

1. d4 e5 2. e4 exd4 3. Nf3 Bb4+ 4. Bd2 Bxd2+ 5. Nbxd2 c5 6. Bd3 d6 7. h3 Nc6 8.
O-O Nf6 9. Qe2 O-O 10. Rfe1 Ne5 11. Bc4 Nxc4 12. Qxc4 Be6 13. Qd3 h6 14. e5
dxe5 15. Rxe5 Nd7 16. Rh5 Nf6 17. Rxc5 Rc8 18. Re5 Re8 19. Nb3 Bxb3 20. Rxe8+
Nxe8 21. axb3 a6 22. Re1 Qf6 23. Nxd4 Rd8 24. c3 Qb6 25. Re7 Kf8 26. Qe4 Qd6
27. Qxb7 Qxe7 28. Qxa6 Qe1+ 29. Kh2 Qe5+ 30. Kg1 Qe1+ 1/2-1/2

[Event "Tournoi Skype 015B"]
[Site "Skype"]
[Date "????.??.??"]
[Round "6.13"]
[White "Milanese, Serge"]
[Black "Lecluyse, Koenraad"]
[Result "0-1"]
[WhiteElo "1397"]
[BlackElo "1305"]
[PlyCount "60"]

1. d4 d5 2. Nf3 Nf6 3. Nc3 e6 4. e3 Bd6 5. Bd3 O-O 6. a3 a5 7. e4 dxe4 8. Nxe4
Nxe4 9. Bxe4 Nd7 10. Bxh7+ Kxh7 11. Ng5+ Kg8 12. Qh5 Nf6 13. Qf3 c5 14. Be3
cxd4 15. Bxd4 Be7 16. Be5 Ra6 17. O-O Rc6 18. c3 Rc5 19. Rad1 Bd7 20. Rd2 Rxe5
21. Rfd1 Rxg5 22. Qxb7 Rd5 23. c4 Rxd2 24. Rxd2 Qe8 25. h4 Bc6 26. Qc7 Be4 27.
Qxa5 Qb8 28. h5 Nxh5 29. Qxh5 Qf4 30. g3 Qxd2 0-1

[Event "Tournoi Skype 015B"]
[Site "Skype"]
[Date "????.??.??"]
[Round "6.14"]
[White "Sauvaget, Joel"]
[Black "Picard, Mario"]
[Result "1-0"]
[WhiteElo "1396"]
[BlackElo "1282"]
[PlyCount "72"]

1. d4 d5 2. Nf3 Nc6 3. e3 Nf6 4. Nc3 e6 5. Bd3 Bd6 6. h3 e5 7. dxe5 Nxe5 8.
Nxe5 Bxe5 9. Bd2 O-O 10. O-O c5 11. Be2 b6 12. Qc1 Bb7 13. Bf3 Ba6 14. Re1 Qc7
15. Rb1 Rad8 16. Rd1 Bb7 17. Ne2 Ba6 18. Bc3 d4 19. exd4 cxd4 20. Nxd4 Bb7 21.
Bxb7 Qxb7 22. Qg5 h6 23. Qxe5 Nd5 24. Nf5 f6 25. Qg3 Kh7 26. Qf3 a6 27. Ne3
Nxc3 28. Qxb7 Rxd1+ 29. Rxd1 Nxd1 30. Nxd1 Rd8 31. Ne3 Rd2 32. Qxb6 Re2 33.
Qxa6 Rxc2 34. Nxc2 Kg6 35. b4 Kf5 36. Qc4 g5 1-0

[Event "Tournoi Skype 015B"]
[Site "Skype"]
[Date "????.??.??"]
[Round "6.15"]
[White "Perrone, Gabriel Lorenzo"]
[Black "Cengiz, Cem"]
[Result "1-0"]
[WhiteElo "1385"]
[BlackElo "1225"]
[PlyCount "35"]

1. f4 d5 2. Nf3 Nc6 3. e3 Bg4 4. Bb5 Qd6 5. O-O O-O-O 6. b3 Qg6 7. Bb2 Bh3 8.
Nh4 Qg4 9. Qe1 Nb4 10. Na3 a6 11. Be2 Qd7 12. Qg3 Be6 13. f5 Bxf5 14. Rxf5 f6
15. Bg4 e6 16. Rff1 Bd6 17. Qh3 Nh6 18. Bxe6 1-0

[Event "Tournoi Skype 015B"]
[Site "Skype"]
[Date "????.??.??"]
[Round "6.16"]
[White "Gerbaux, Regis"]
[Black "Tripathi, Rajnikant"]
[Result "0-1"]
[WhiteElo "1364"]
[BlackElo "1564"]
[PlyCount "22"]

1. c4 d5 2. d3 dxc4 3. Qa4+ c6 4. Qxc4 Bf5 5. Nf3 e6 6. e4 Nd7 7. exf5 exf5 8.
Ng5 Qe7+ 9. Be2 h6 10. Qh4 Qb4+ 11. Nc3 Qxh4 0-1

[Event "Tournoi Skype 015B"]
[Site "Skype"]
[Date "????.??.??"]
[Round "6.17"]
[White "Guillen Andrinal, Pablo"]
[Black "Porcabeuf, Jean-Marc"]
[Result "1-0"]
[WhiteElo "1399"]
[BlackElo "1438"]
[PlyCount "89"]

1. e4 e6 2. Ne2 d5 3. Nbc3 c6 4. exd5 cxd5 5. g3 Nf6 6. Nf4 Bd6 7. Bb5+ Nc6 8.
d3 O-O 9. O-O Ne5 10. d4 Neg4 11. Be2 e5 12. Nfxd5 Nxd5 13. Bxg4 Re8 14. Nxd5
e4 15. f3 Bxg4 16. fxg4 Bc7 17. c4 Qd7 18. Bf4 Bxf4 19. Nxf4 h5 20. gxh5 e3 21.
Re1 Re4 22. Qe2 Qxd4 23. Qd3 Qe5 24. Qd5 Qxb2 25. Qxe4 Qf2+ 26. Kh1 Rd8 27.
Qxe3 Qb2 28. Rad1 Rc8 29. Nd3 Qxa2 30. Ne5 b5 31. Nxf7 Qxc4 32. Rd8+ Rxd8 33.
Nxd8 b4 34. Qe6+ Qxe6 35. Nxe6 a5 36. Ra1 Kf7 37. Nd4 Ke7 38. Rxa5 Kd6 39. Nf5+
Kc6 40. Nd4+ Kb6 41. Rb5+ Ka6 42. Rxb4 Ka5 43. Rb7 Ka6 44. Rxg7 Ka5 45. h6 1-0